000 00553nam a2200181Ia 4500
003 GCL
008 140319s9999 xx 000 0 ara d
040 _aGCL /
_cGCL
082 0 4 _a810.9
_bخ م
100 1 _aخيرى شلبى
245 1 0 _aمحاكمة طه حسين /
_cخيرى شلبى
300 _a102 ص
490 _aالهيئة العامة للاستعلامات
_v0
650 0 4 _aطه حسين
650 0 4 _aالادب العربى - تاريخ ونقد
650 0 4 _aالادب العربى - العصر الحديث
942 _2ddc
_cBK
999 _c50458
_d50458